logo

Bir Sreshtho Munshi Abdur Rouf Library
Jhenaidah Cadet College

PRODUCTION OF FERROALLOYS / (Record no. 5789)

MARC details
000 -LEADER
fixed length control field 00575nam a2200217 a 4500
001 - CONTROL NUMBER
JCCL Control Number 5789
003 - CONTROL NUMBER IDENTIFIER
JCCL marc code BD-JhCC
005 - DATE AND TIME OF LATEST TRANSACTION
control field 20171221164630.0
008 - FIXED-LENGTH DATA ELEMENTS--GENERAL INFORMATION
fixed length control field 171221s1963 ru |||| ||a| 000 0 eng d
035 ## - SYSTEM CONTROL NUMBER
system control number (BD-JhCC) 5789
040 ## - CATALOGING SOURCE
Original cataloging agency BD-JhCC
Modifying agency BD-JhCC
041 ## - LANGUAGE CODE
Language code of Book eng
082 ## - DEWEY DECIMAL CLASSIFICATION NUMBER
Classification number 669.73
Author mark and Year KHO1963
100 ## - MAIN ENTRY--PERSONAL NAME
Personal name KHODIROVSY, M.RISS
245 ## - TITLE STATEMENT
Title PRODUCTION OF FERROALLOYS /
Statement of responsibility, etc M.RISS KHODIROVSY
260 ## - PUBLICATION, DISTRIBUTION, ETC. (IMPRINT)
Place of publication, distribution, etc RUSSIAN :
Name of publisher, distributor, etc MIR PUBLISHERS MOSCOW ,
Date of publication, distribution, etc 1963
300 ## - PHYSICAL DESCRIPTION
Pagination 288 p .:
Dimensions 22 cm .
650 ## - SUBJECT ADDED ENTRY--TOPICAL TERM
Topical term or geographic name as entry element Iron alloys, metallurgical plants
942 ## - ADDED ENTRY ELEMENTS (KOHA)
Source of classification or shelving scheme Dewey Decimal Classification
Koha item type Books

No items available.


JCC Library | Contacts | JCC Home

Last Update on 23 September 2017
Copyright @ 2017-2020 JCC Rouf Library
Rouf Library, Jhenidah Cadet College (JCC), Bangladesh